| 000 | 00000nam##2200000za#4500 |
| 001 | 9.608075 |
| 003 | CaOODSP |
| 005 | 20220125150625 |
| 007 | cr ||||||||||| |
| 008 | 150406|2008||||xxc|||||o f|0| 0 fre|d |
| 040 | |aCaOODSP|bfre |
| 043 | |an-cn--- |
| 086 | 1 |aD4-12/2-2008F-PDF |
| 110 | 1 |aCanada.|bMinistère de la défense nationale.|bCabinet du Juge-avocat général. |
| 245 | 10|aPrérogative de la Couronne : |h[ressource électronique]|bl'application de la prérogative de la Couronne dans le cadre d'opérations militaires / |
| 260 | |aOttawa - Ontario : |bDéfense nationale. |c2008-06-04. |
| 300 | |a38p. |
| 490 | 1 |aSérie de documents juridiques stratégiques du cabinet du Juge-avocat général|v2 |
| 590 | |a15-02-Supp|b2015-02-16 |
| 691 | 07|aDroit criminel|2gcpds |
| 691 | 07|aDroit militaire|2gcpds |
| 775 | 08|tCrown prerogative : |w(CaOODSP)9.581248 |
| 830 | #0|aSérie de documents juridiques stratégiques du cabinet du Juge-avocat général ;|v2|w(CaOODSP)9.504319 |
| 856 | 40|ahttp://publications.gc.ca|qPDF|s711 Ko|uhttps://publications.gc.ca/collections/collection_2014/mdn-dnd/D4-12-2-2008-fra.pdf|y2 |
| 986 | |aA-LG-007-SLA/AF-002 |